banner koha

Avaliação de clones de cacaueiro quanto a produtividade e incidência de vassoura de bruxa e podridão parda (Registro n. 9260)

MARC details
000 -LÍDER
fixed length control field 04287nab a2200337 i 4500
003 - CÓDIGO MARC DA AGÊNCIA CATALOGADORA
Campo de controle BR-BrBNA
005 - DATA E HORA DA ÚLTIMA ATUALIZAÇÃO
Campo de controle 20230823102257.0
008 - CAMPO DE TAMANHO FIXO
fixed length control field 230530b2020 bl.ar|pooa||| 00| 0 por |
040 ## - FONTE DA CATALOGAÇÃO
Agência catalogadora BR-BrBNA
Idioma da catalogação por
072 ## - CATEGORIA AGRIS
Código AGRIS H20
Código do objeto 2110
072 ## - CATEGORIA AGRIS
Código AGRIS F30
100 ## - ENTRADA PRINCIPAL - NOME PESSOAL
Nome pessoal Macêdo, Mariosvaldo
100 ## - ENTRADA PRINCIPAL - NOME PESSOAL
Nome pessoal Rosa, Eimar Sampaio
100 ## - ENTRADA PRINCIPAL - NOME PESSOAL
Nome pessoal Luz, Edna Dora Martins Newman
100 ## - ENTRADA PRINCIPAL - NOME PESSOAL
Nome pessoal Pires, José Luis
245 ## - TÍTULO PRINCIPAL
Título principal Avaliação de clones de cacaueiro quanto a produtividade e incidência de vassoura de bruxa e podridão parda
500 ## - NOTA GERAL
Nota geral Publicação on-line; 16 ref.; 3 tables; Summaries (En, Pt)
942 ## - ADDED ENTRY ELEMENTS (KOHA)
Koha item type
520 ## - NOTA DE RESUMO
Nota de conteúdo <br/><br/>Foram avaliados, em um sistema de blocos incompletos, 179 clones de cacaueiro, em 79 locais, por um período<br/>de 11 anos. A maioria destes clones deriva de um processo de seleção para resistência e produtividade conduzido<br/>por toda a região cacaueira da Bahia, e foram aqui escolhidos os aparentemente mais promissores dentre os<br/>selecionados neste grande ciclo de seleção massal. Foram constatadas diferenças altamente significativas, entre os<br/>clones avaliados, para as variáveis: produção, número de vassouras vegetativas, número de vassouras de almofada<br/>floral e número total de vassouras, porcentagem de frutos com vassoura de bruxa e porcentagem de frutos com<br/>podridão parda. Diferentes clones tiveram diferentes evoluções para essas características com o aumento da idade,<br/>e houve diferenças na adaptação aos ambientes. Entre as variedades atualmente recomendadas pela Ceplac para<br/>plantio comercial, as com melhor produção foram: FA 13, SJ 02, CCN 51, PS 1319, CEPEC 2002, CCN 10 e Vencedora<br/>20. CCN 51, SJ 02 e FA 13 tiveram médias de produção significativamente superiores à da variedade PS 1319.<br/>Também produziram significativamente mais que a variedade PS 1319 os clones PS 5785, VT 05, RLF 1938, VT 10,<br/>CSG 70, FL 89, SL 06, BN 34 e FL 76.<br/><br/>Palavras-chave: Melhoramento genético do cacaueiro, resistência à vassoura de bruxa, resistência à podridão<br/>parda, Theobroma cacao.<br/><br/><br/>
520 ## - NOTA DE RESUMO
Nota de conteúdo Evaluation of cocoa clones as to the productivity and incidence of witches’ broom and black pod. <br/><br/>It was evaluated 179 cocoa clones in an incomplete block design, in 79 locations, for<br/>a total period of 11 years. Most of these clones derive from a selection process for resistance and productivity<br/>conducted throughout the entire cocoa region of Bahia, and the apparently most promising among those selected<br/>in this great mass selection cycle were here chosen. Highly significant differences were found among the evaluated<br/>clones for the variables: production, number of vegetative brooms, number of floral cushion brooms and total<br/>number of brooms, percentage of fruits with witches’ broom and percentage of fruits with black pod. Different<br/>clones had different evolutions for these characteristics with the increasing in age, and there were differences in<br/>adaptation for different environments. Among the varieties currently recommended by Ceplac for commercial<br/>planting, those with the best production were: FA 13, SJ 02, CCN 51, PS 1319, CEPEC 2002, CCN 10 and Vencedora<br/>20. CCN 51, SJ 02 and FA 13 had production averages significantly higher than the variety PS 1319. The clones: PS<br/>5785, VT 05, RLF 1938, VT 10, CSG 70, FL 89, SL 06, BN 34 and FL 76 also produced significantly more than the PS<br/>1319 variety.<br/><br/>Key words: Cacao genetic improvement, Resistance to witches’ broom, Resistance to black pod, Theobroma<br/>cacao
650 ## - ASSUNTO - THESAGRO
Cabeçalho tópico ou nome geográfico MELHORAMENTO GENÉTICO VEGETAL
650 ## - ASSUNTO - THESAGRO
Cabeçalho tópico ou nome geográfico CACAU
650 ## - ASSUNTO - THESAGRO
Cabeçalho tópico ou nome geográfico THEOBROMA CACAO
650 ## - ASSUNTO - THESAGRO
Cabeçalho tópico ou nome geográfico VASSOURA DE BRUXA
650 ## - ASSUNTO - THESAGRO
Cabeçalho tópico ou nome geográfico PODRIDÃO PARDA
650 ## - ASSUNTO - THESAGRO
Cabeçalho tópico ou nome geográfico VARIEDADE RESISTENTE
773 0# - ENTRADA ANALÍTICA
Host Biblionumber 1823
Registro do item 25140
Imprenta Itabuna-BA Comissão Executiva do Plano de Lavoura Cacaueira 1989
Outro identificador 2023-435719
Título Agrotrópica (Brazil)
ISSN 0103-3816
Colação v. 33(1) p. 5-16; (Jan-Apr 2021)
Número de controle de registro BR2023000605
856 ## - ACESSO E ENDEREÇO ELETRÔNICO
Identificador uniforme de recurso - URI https://www.gov.br/agricultura/pt-br/assuntos/ceplac/publicacoes/revista-agrotropica/artigos/2021/0103-3816-2021v33n1p5-16.pdf
856 ## - ACESSO E ENDEREÇO ELETRÔNICO
Identificador uniforme de recurso - URI https://www.gov.br/agricultura/pt-br/assuntos/ceplac/publicacoes/revista-agrotropica/revista-volumes/2000-a-2010/revista-agrotropica-vol-33-no-1-2021.pdf

Nenhum exemplar disponível.

BINAGRI

Telefone: (61)3218-2567/2388/3357/2097 - binagri@agro.gov.br

Ministério da Agricultura e Pecuária , Esplanada dos Ministérios, Bloco D, Anexo B, Brasília/DF, CEP: 70.043-900